Экономическая оценка инвестиций: лекционный видеокурс

Dettagli Bibliografici
Autore principale: Антонова И. С. Ирина Сергеевна
Ente Autore: Национальный исследовательский Томский политехнический университет Институт социально-гуманитарных технологий Кафедра менеджмента
Riassunto:Курс ориентирован на студентов, обучающихся по направлениям подготовки «Менеджмент», «Экономика», а также для тех, кто планирует изучать финансовые дисциплины, в частности, «Инвестиционный менеджмент». Рассмотрены такие понятия как инвестиции, инвестиционный проект, эффективность инвестиций. В ходе изучения дисциплины происходит знакомство с основами финансовой математики и оценки стоимости денег во времени. Основой курса является изучение показателей и критериев оценки эффективности инвестиций в проект, а также оценки ставки дисконтирования. Полученные знания позволят сформировать компетенции в области разработки бизнес-плана, а также в принятии управленческих решений инвестирования средств
Интерактивный мультимедиа ресурс
AM_Login_TPU
Lingua:russo
Pubblicazione: Томск, 2012
Serie:Лекторий ТПУ
Soggetti:
Accesso online:https://edu.tpu.ru/course/info.php?id=143
Natura: MixedMaterials Elettronico Libro
KOHA link:https://koha.lib.tpu.ru/cgi-bin/koha/opac-detail.pl?biblionumber=662040

MARC

LEADER 00000nlm0a2200000 4500
001 662040
005 20250122104834.0
035 |a (RuTPU)RU\TPU\network\33173 
035 |a RU\TPU\network\25974 
090 |a 662040 
100 |a 20200506d2012 m y0rusy50 ca 
101 0 |a rus 
102 |a RU 
135 |a jrcn ---uucaa 
181 0 |a i   |b  e  
182 0 |a b 
183 0 |a cr  |2 RDAcarrier 
200 1 |a Экономическая оценка инвестиций  |e лекционный видеокурс  |f И. С. Антонова  |g Национальный исследовательский Томский политехнический университет, Институт социально-гуманитарных технологий, Кафедра менеджмента 
203 |a Текст  |a Звуки  |a Изображение  |a Устная речь  |c электронный  |b визуальный 
210 |a Томск  |d 2012 
225 1 |a Лекторий ТПУ 
283 |a online_resource  |2 RDAcarrier 
330 |a Курс ориентирован на студентов, обучающихся по направлениям подготовки «Менеджмент», «Экономика», а также для тех, кто планирует изучать финансовые дисциплины, в частности, «Инвестиционный менеджмент». Рассмотрены такие понятия как инвестиции, инвестиционный проект, эффективность инвестиций. В ходе изучения дисциплины происходит знакомство с основами финансовой математики и оценки стоимости денег во времени. Основой курса является изучение показателей и критериев оценки эффективности инвестиций в проект, а также оценки ставки дисконтирования. Полученные знания позволят сформировать компетенции в области разработки бизнес-плана, а также в принятии управленческих решений инвестирования средств 
336 |a Интерактивный мультимедиа ресурс 
371 0 |a AM_Login_TPU 
606 1 |a Инвестиции  |2 stltpush  |3 (RuTPU)RU\TPU\subj\36163  |9 57637 
610 1 |a электронный ресурс 
610 1 |a труды учёных ТПУ 
610 1 |a видеоуроки 
610 1 |a видеолекции 
610 1 |a инвестиции 
610 1 |a инвестиционные проекты 
610 1 |a эффективность 
610 1 |a дисконтирование 
610 1 |a бизнес-планы 
610 1 |a управленческие решения 
686 |a У9(2)0-56я7  |2 rubbk 
700 1 |a Антонова  |b И. С.  |c специалист в области менеджмента  |c доцент Томского политехнического университета, кандидат экономических наук  |f 1985-  |g Ирина Сергеевна  |3 (RuTPU)RU\TPU\pers\31912  |9 15982 
712 0 2 |a Национальный исследовательский Томский политехнический университет  |b Институт социально-гуманитарных технологий  |b Кафедра менеджмента  |3 (RuTPU)RU\TPU\col\18855 
801 2 |a RU  |b 63413507  |c 20201006  |g RCR 
830 |a ЦОР2024 
856 4 |u https://edu.tpu.ru/course/info.php?id=143  |z https://edu.tpu.ru/course/info.php?id=143 
942 |c CF